000 01180nam a2200229Ii 4500
003 JO-AjNU
005 20240630100519.0
008 230605s9999||||xx |||||||||||||| ||und||
040 _aJO-AjNU
_bara
_erda
_cJO-AjNU
041 _aara
050 1 4 _aLB1027 1993
100 1 _aابو مغلي، لينا نبيل عارف
_eتقديم
_965909
245 0 0 _aاثر خبرة الروضة على تحصيل الطلبة في مادتي القراءة وعلاقتها بجنس الطالب وحالته الاجتماعية
264 3 1 _aالجامعة الاردنية: كلية الدراسات العليا، 1993
300 _a82ص
_bرسالة جامعية (ماجستير في مناهج القراءة والحساب واساليب التدريس للصف الاول الاساسي )--الجامعة الاردنية، كلية الدراسات العليا،عمان)، 1993، يشتمل على جداول توضيحية
336 _atext
_btxt
_2rdacontent
337 _aunmediated
_bn
_2rdamedia
338 _avolume
_bnc
_2rdacarrier
650 4 _aعلم النفس التربوي
_957652
700 1 _aعدس، عبد الرحمن
_941847
_eمشرف
942 _2lcc
_cTHS
999 _c29416
_d29416